| 000 -ლიდერი |
| ფიქსირებული სიგრძის საკონტროლო ველი |
01023nam a22001937a 4500 |
| 003 - საკონტროლო ნომრის იდენტიფიკატორი |
| საკონტროლო ველი |
Ge_BSU |
| 005 - ბოლო ოპერაციის თარიღი და დრო |
| საკონტროლო ველი |
20221005155629.0 |
| 008 - ფიქსირებული სიგრძის მონაცემთა ელემენტები - ზოგადი ინფორმაცია |
| ფიქსირებული სიგრძის საკონტროლო ველი |
221005s1976 ge ||||| |||| 00| 0 geo d |
| 041 ## - ენის კოდი |
| Language code of text/sound track or separate title |
geo |
| 080 ## - უნივერსალური ათობითი კლასიფიკაციის ინდექსი |
| Universal Decimal Classification number |
1(1-662) ბ-32 |
| 100 ## - მთავარი ჩანაწერი - პიროვნების სახელი |
| Personal name |
ბაქრაძე, კონსტანტინე |
| 9 (RLIN) |
3920 |
| 245 ## - ცნობა სათაურის შესახებ |
| Title |
რჩეული ფილოსოფიური თხზულებანი : |
| Remainder of title |
ტ. 5, დიალექტიკური მატერიალიზმი. ბურჟუაზიული ფილოსოფიის მიმდინარეობანი / |
| Statement of responsibility, etc |
კონსტანტინე ბაქრაძე. |
| 264 ## - წარმოების, გამოცემის, დისტრიბუციის და სხვა ცნობები |
| გამოცემის, წარმოების, დისტრიბუციის... ადგილი |
თბილისი : |
| გამოცემის, წარმოების, დისტრიბუციის... სახელწოდება |
თბილ. უნ-ტის გამ-ბა, |
| გამოცემის, წარმოების, დისტრიბუციის... თარიღი |
1976. |
| 300 ## - ფიზიკური აღწერა |
| Extent |
541 გვ. |
| 504 ## - BIBLIOGRAPHY, ETC. NOTE |
| Bibliography, etc |
საძიებელი: გვ. 536-539. |
| 653 ## - INDEX TERM--UNCONTROLLED |
| Uncontrolled term |
დიალექტიკური მატერიალიზმი |
| 653 ## - INDEX TERM--UNCONTROLLED |
| Uncontrolled term |
ბურჟუაზიული ფილოსოფია |
| 942 ## - ADDED ENTRY ELEMENTS (KOHA) |
| Source of classification or shelving scheme |
|
| Koha item type |
წიგნი |